| 000 | 00405nam a22001217a 4500 | ||
|---|---|---|---|
| 082 | _a330.9549105 | ||
| 100 | _aState Bank of Pakistan | ||
| 245 |
_aThe state of Pakistan's economy second quarterly report for the year 2003-2004 of the central board of State Bank of Pakistan _cState Bank of Pakistan |
||
| 260 |
_aKarachi _bSBP Printing Press _c2004 |
||
| 300 | _a139p | ||
| 563 | _aP.B | ||
| 942 |
_2ddc _cBK |
||
| 999 |
_c588774 _d588774 |
||